[Event "DSOL 07 Liga Gr-B 1st"]
[Site "Playchess.com INT"]
[Date "2020.06.26"]
[Round "1.4"]
[White "Coudsi, Lucas"]
[Black "Richter, Johanna"]
[Result "1-0"]
[WhiteElo "1023"]
[BlackElo "1108"]
[PlyCount "105"]
[EventDate "2020.06.22"]
[EventType "team-tourn (rapid)"]
[EventCountry "GER"]
[SourceTitle "EXT 2021"]
[Source "ChessBase"]
[SourceDate "2020.10.23"]
[SourceVersion "1"]
[SourceVersionDate "2020.10.23"]
[SourceQuality "1"]
[WhiteTeam "Heuchelheim"]
[BlackTeam "Heidesheim"]
[WhiteTeamCountry "GER"]
[BlackTeamCountry "GER"]

1. e4 c5 2. Nf3 Nc6 3. d4 cxd4 4. Nxd4 Nf6 5. Nc3 e5 6. Nxc6 bxc6 7. Bg5 Be7 8. Bc4 0-0 9. 0-0 d6 10. Bxf6 Bxf6 11. Qe2 Qe7 12. Rad1 Rd8 13. h3 Rb8 14. b3 Be6 15. Bxe6 Qxe6 16. Rd3 Rd7 17. Rfd1 Rbd8 18. Rg3 g6 19. Qg4 Qxg4 20. Rxg4 d5 21. exd5 cxd5 22. f4 exf4 23. Rxf4 Bg7 24. Ne2 d4 25. Kf2 Bh6 26. Rfxd4 Rxd4 27. Rxd4 Re8 28. Rh4 Be3+ 29. Kf3 Bg5 30. Ra4 Re3+ 31. Kf2 Re7 32. Nd4 Bh4+ 33. Kf3 Bg5 34. Nc6 Re3+ 35. Kf2 Re6 36. Nxa7 Be3+ 37. Kf3 Bh6 38. c4 Re3+ 39. Kf2 Re7 40. Nc6 Re6 41. Nb4 Be3+ 42. Kf3 Bh6 43. c5 Re3+ 44. Kf2 Re7 45. c6 Rc7 46. Ra6 Bg7 47. Nd5 Bd4+ 48. Kf3 Rxc6 49. Rxc6 Kg7 50. a4 Kf8 51. Rc8+ Kg7 52. b4 Be5 53. b5 1-0

[Event "GER-ch Net blitz qual3"]
[Site "Playchess.com INT"]
[Date "2020.03.21"]
[Round "6"]
[White "Haubold, Sebastian Marcel"]
[Black "Coudsi, Lucas"]
[Result "1-0"]
[WhiteElo "1800"]
[BlackElo "1178"]
[PlyCount "55"]
[EventDate "2020.03.21"]
[EventType "swiss (blitz)"]
[EventRounds "9"]
[EventCountry "GER"]
[SourceTitle "CBM 195 Extra"]
[Source "ChessBase"]
[SourceDate "2020.05.31"]
[SourceVersion "1"]
[SourceVersionDate "2020.05.31"]
[SourceQuality "1"]

1. e4 e5 2. Nf3 Nc6 3. Bb5 a6 4. Ba4 Nf6 5. d4 exd4 6. 0-0 b5 7. Bb3 Be7 8. Re1 0-0 9. e5 Ng4 10. h3 Nh6 11. a4 Bb7 12. Bf4 Nf5 13. g4 Nh4 14. Nxh4 Bxh4 15. Nd2 Re8 16. Nf3 Be7 17. Nxd4 Nxd4 18. Qxd4 d6 19. Qe3 dxe5 20. Bxe5 Bf6 21. Qf4 Bxe5 22. Bxf7+ Kh8 23. Rxe5 Rxe5 24. Qxe5 Qd2 25. Re1 Rf8 26. Qe8 h6 27. Qxf8+ Kh7 28. Qg8# 1-0

[Event "GER-ch Net blitz qual2"]
[Site "Playchess.com INT"]
[Date "2020.03.16"]
[Round "3"]
[White "Coudsi, Lucas"]
[Black "Koenig, Frank1111"]
[Result "0-1"]
[WhiteElo "1279"]
[BlackElo "1659"]
[PlyCount "54"]
[EventDate "2020.03.16"]
[EventType "swiss (blitz)"]
[EventRounds "9"]
[EventCountry "GER"]
[SourceTitle "CBM 195 Extra"]
[Source "ChessBase"]
[SourceDate "2020.05.31"]
[SourceVersion "1"]
[SourceVersionDate "2020.05.31"]
[SourceQuality "1"]

1. e3 d6 2. d4 Nf6 3. Nf3 Nbd7 4. Bc4 e5 5. dxe5 dxe5 6. 0-0 Be7 7. Ng5 0-0 8. Nxf7 Rxf7 9. Bxf7+ Kxf7 10. c4 Nc5 11. Qxd8 Bxd8 12. b3 Be6 13. Rd1 Be7 14. Ba3 b6 15. Nc3 Bd6 16. b4 Nce4 17. Nxe4 Nxe4 18. f3 Nf6 19. c5 bxc5 20. bxc5 Be7 21. Rd2 Nd7 22. Rc1 c6 23. f4 exf4 24. exf4 Bd5 25. g3 Rb8 26. Kf2 Rb5 27. Rdc2 Ra5 0-1

[Event "GER-ch Net blitz qual2"]
[Site "Playchess.com INT"]
[Date "2020.03.16"]
[Round "4"]
[White "Haubold, Christian Lucas"]
[Black "Coudsi, Lucas"]
[Result "1-0"]
[WhiteElo "1548"]
[BlackElo "1279"]
[PlyCount "43"]
[EventDate "2020.03.16"]
[EventType "swiss (blitz)"]
[EventRounds "9"]
[EventCountry "GER"]
[SourceTitle "CBM 195 Extra"]
[Source "ChessBase"]
[SourceDate "2020.05.31"]
[SourceVersion "1"]
[SourceVersionDate "2020.05.31"]
[SourceQuality "1"]

1. e4 e5 2. Nf3 Nc6 3. Bc4 Bc5 4. 0-0 Nf6 5. d3 0-0 6. c3 Re8 7. d4 exd4 8. cxd4 Bb6 9. e5 Ne4 10. Bd5 Ne7 11. Bxe4 d5 12. Bc2 Bf5 13. Bg5 Qd7 14. Bxe7 Rxe7 15. Nc3 Bxc2 16. Qxc2 Rae8 17. Rad1 c5 18. dxc5 Bxc5 19. Rxd5 Qc6 20. Ng5 h6 21. Qh7+ Kf8 22. Qh8# 1-0

[Event "GER-ch Net blitz qual2"]
[Site "Playchess.com INT"]
[Date "2020.03.16"]
[Round "8"]
[White "Reis, Gerhard"]
[Black "Coudsi, Lucas"]
[Result "1-0"]
[WhiteElo "2223"]
[BlackElo "1279"]
[PlyCount "29"]
[EventDate "2020.03.16"]
[EventType "swiss (blitz)"]
[EventRounds "9"]
[EventCountry "GER"]
[SourceTitle "CBM 195 Extra"]
[Source "ChessBase"]
[SourceDate "2020.05.31"]
[SourceVersion "1"]
[SourceVersionDate "2020.05.31"]
[SourceQuality "1"]

1. Nf3 Nf6 2. c4 Nc6 3. d4 d5 4. cxd5 Nxd5 5. e4 Nf6 6. Nc3 e6 7. a3 Be7 8. Bd3 0-0 9. e5 Nd5 10. h4 Nxc3 11. bxc3 Bd7 12. Bxh7+ Kxh7 13. Ng5+ Kg8 14. Qh5 Bxg5 15. hxg5 1-0